Impuesto a las ganancias (Registro nro. 3795)

Detalles MARC
000 -LEADER
fixed length control field 01457 a2200229 4500
001 - CONTROL NUMBER
control field 44548
005 - DATE AND TIME OF LATEST TRANSACTION
control field 20260407155722.0
008 - FIXED-LENGTH DATA ELEMENTS--GENERAL INFORMATION
fixed length control field 260407a2017 arg spa d
003 - CONTROL NUMBER IDENTIFIER
control field AR-UNSa-BCEJYS
040 ## - CATALOGING SOURCE
Original cataloging agency AR-UNSa-BCEJYS
Language of cataloging spa
Transcribing agency AR-UNSa-BCEJYS
080 ## - UNIVERSAL DECIMAL CLASSIFICATION NUMBER
Universal Decimal Classification number 336.226.1
Common auxiliary subdivision Impuestos a las ganancias o los beneficios (Impuesto Diferido)
020 ## - INTERNATIONAL STANDARD BOOK NUMBER
International Standard Book Number 978-987-3953-94-1
041 ## - LANGUAGE CODE
Language code of text/sound track or separate title spa
100 1# - MAIN ENTRY--PERSONAL NAME
Personal name Pérez, Daniel Guillermo
245 10 - TITLE STATEMENT
Title Impuesto a las ganancias
Name of part/section of a work aspectos relevantes para abogados
264 #1 - PRODUCTION, PUBLICATION, DISTRIBUTION, MANUFACTURE, AND COPYRIGHT NOTICE
Place of production, publication, distribution, manufacture Buenos Aires :
Name of producer, publisher, distributor, manufacturer Erreius
Date of production, publication, distribution, manufacture, or copyright notice 2017
300 ## - PHYSICAL DESCRIPTION
Extent 119 p.
Dimensions 26 cm.
505 ## - FORMATTED CONTENTS NOTE
Formatted contents note 1. Las deducciones personales en el impuesto a las ganancias / Daniel G. Pérez - 2. Derivaciones en el impuesto a las ganancias de las relaciones del trabajo / Marcela A. Fiocco - 3. El impuesto a las ganancias en las relaciones familiares: sociedad conyugal, ganancias de los menores de edad / Sergio A. Simesen de Bielke - 4. Gastos deducibles en el impuesto a las ganancias por los profesionales independientes / Hermosinda Egüez - 5. Hoja de ruta en la liquidación del impuesto a las ganancias / Iván Sasovsky - 6. Impuesto a las ganancias en las jurisprudencia de la Cámara Federal de la Seguridad Social y la Corte Suprema de Justicia de la Nación / Alejandra A. Der Jachadurian -
590 ## - LOCAL NOTE (RLIN)
Local note niveau_biblio:m niveau_hierar:0
856 41 - ELECTRONIC LOCATION AND ACCESS
Uniform Resource Identifier <a href="https://www.biblioeco.unsa.edu.ar/pmb/images/libros/E00067.jpg">https://www.biblioeco.unsa.edu.ar/pmb/images/libros/E00067.jpg</a>
Link text Imagen de portada
Electronic format type image/jpeg
942 ## - ADDED ENTRY ELEMENTS (KOHA)
Koha item type
Existencias
Withdrawn status Lost status Damaged status Not for loan Home library Current library Shelving location Date acquired Total checkouts Full call number Barcode Date last seen Price effective from Koha item type
        Biblioteca Prof. Eusebio Cleto del Rey Biblioteca Prof. Eusebio Cleto del Rey   07/04/2026   E336.226.1 P438/ER E00067 07/04/2026 07/04/2026 Libro